Principios básicos y cálculos en ingeniería química (Registro nro. 21589)
[ vista simple ]
| 000 -Cabecera | |
|---|---|
| Campo de control interno | 00503nam a22002057a 4500 |
| 005 - Fecha y hora del registro | |
| control field | 20260319111408.0 |
| 008 - Elementos de Longitud Fija | |
| fixed length control field | 260319b |||||||| |||| 00| 0 spa d |
| 041 ## - Idioma | |
| Codigo Idioma | ESP |
| 082 ## - DEWEY y NOTACIÓN INTERNA | |
| Dewey | 660.284 |
| Notación Interna | H55 |
| 100 ## - AUTOR | |
| Autor denominación | Himmelblau, David M. |
| 245 ## - TÍTULO DE MATERIAL BIBLIOGRÁFICO | |
| Título | Principios básicos y cálculos en ingeniería química |
| 260 ## - CIUDAD, EDITORIAL, AÑO | |
| Ciudad | : |
| Nombre de la Editorial | , |
| Año | 2002 |
| 300 ## - DESCRIPCIÓN | |
| N° Páginas | xix, 728 páginas : |
| Otros detalles | ; |
| Dimensiones | 23 cm. |
| 440 ## - MENCIÓN DE SERIE | |
| Título de la Serie | ; |
| 650 ## - TEMAS | |
| Temas | Matemáticas |
| 654 ## - PROGRAMAS | |
| Programa | Dpto. de Ciencias Naturales |
| 700 ## - OTROS AUTORES | |
| Otros autores | ; |
| 942 ## - ELEMENTOS DE KOHA | |
| Tipo de documento | Libro |
| Nombre del creador | Justo Noguera |
| Código de catalogador | Justo Noguera |
| Esquema de clasificación | Dewey Decimal Classification |
| Codigo completo | Registro | Colección | Copia número | Disponibilidad | Tipo de préstamo | Biblioteca Actual | Procedencia (Biblioteca) | Ubicacón | Fecha Ingreso | Tipo de Adquisición | Date last seen | Total checkouts | Price effective from | Tipo de Item | Estado del Material | Fuente de Clasificación | Damaged status | Withdrawn status |
|---|---|---|---|---|---|---|---|---|---|---|---|---|---|---|---|---|---|---|
| 660.284 H55 | 1064471 | Universidad Católica San Pablo | 1 | Disponible | Disponible | Víctor Andrés Belaunde | Víctor Andrés Belaunde | Segundo piso | 19/03/2026 | Compra | 19/03/2026 | 19/03/2026 | Libro | Bueno | Dewey Decimal Classification |




